[Event "Reykjavik Open 2013"]
[Site "Reykjavik ISL"]
[Date "2013.02.26"]
[Round "9.75"]
[White "Ghaderi, Arman K"]
[Black "Mihajlov, Svetoslav"]
[Result "0-1"]
[WhiteElo "1827"]
[BlackElo "2071"]
[WhiteFideId "1511890"]
[BlackFideId "1507168"]
[EventDate "2013.02.19"]

1. e4 e5 2. Nf3 Nc6 3. Nc3 Nf6 4. d4 exd4 5. Nxd4 Bb4 6. Nxc6 bxc6 7. Bd3 d5 8.
exd5 cxd5 9. O-O O-O 10. Bg5 c6 11. Qf3 h6 12. Bxf6 Qxf6 13. Qxf6 gxf6 14. Ne2
Bd6 15. Nd4 c5 16. Nf5 Bxf5 17. Bxf5 Rfe8 18. Rad1 Re5 19. Bd7 Rb8 20. b3 Rd8
21. Bb5 Bc7 22. g3 Ba5 23. Rd3 Rd6 24. Rfd1 Rb6 25. Bd7 d4 26. Bg4 Bc3 27. Rb1
c4 28. Rdd1 Ra5 29. a4 d3 30. cxd3 cxb3 31. Rdc1 Rc5 32. d4 Bxd4 33. Rxc5 Bxc5
34. Kf1 b2 35. Ke2 Rb4 36. f3 Rb3 37. Bf5 Bd4 38. f4 Ra3 39. Bc2 a5 40. Kd2 Be3+
41. Ke2 Bc1 42. Kf2 Kf8 43. Ke2 Ke7 44. Kd1 Kd6 45. Rxc1 bxc1=Q+ 46. Kxc1 Ra1+
47. Kb2 Rh1 48. Bb3 Rxh2+ 49. Kc3 Kc5 50. Bxf7 Rh3 0-1

[Event "Reykjavik Open 2013"]
[Site "Reykjavik ISL"]
[Date "2013.02.26"]
[Round "9.76"]
[White "Rodriguez Fonseca, Jorge"]
[Black "Fivelstad, Jon Olav"]
[Result "0-1"]
[WhiteElo "2009"]
[BlackElo "1888"]
[WhiteFideId "2224658"]
[BlackFideId "1510339"]
[EventDate "2013.02.19"]

1. e4 g6 2. d4 Bg7 3. Nc3 d6 4. Be3 Nf6 5. f3 Nbd7 6. Bc4 c5 7. dxc5 dxc5 8. Qd2
a6 9. Rd1 Qa5 10. a4 O-O 11. Nge2 Ne5 12. Ba2 Be6 13. Bxe6 fxe6 14. Qc1 Nc4 15.
Bg5 Qb4 16. O-O Nxb2 17. Rde1 Nxa4 18. Nd1 Qb6 19. Qa3 Qc6 20. c4 b5 21. e5 Nd7
22. f4 Nab6 23. cxb5 axb5 24. Qh3 Nd5 25. Qh4 Rf7 26. Nec3 b4 27. Nxd5 Qxd5 28.
Ne3 Qd4 29. Rf3 Nf8 30. Rd1 Ra1 31. Rxa1 Qxa1+ 32. Nf1 c4 33. Bxe7 b3 34. Bxf8
Qd4+ 35. Qf2 Qxf2+ 36. Kxf2 Bxf8 37. Ke2 Bb4 38. Nd2 b2 39. Nb1 Ra7 40. g4 c3
41. Rxc3 0-1

[Event "Reykjavik Open 2013"]
[Site "Reykjavik ISL"]
[Date "2013.02.26"]
[Round "9.79"]
[White "Haraldsson, Leif"]
[Black "De Winter, Eric"]
[Result "1-0"]
[WhiteElo "2028"]
[BlackElo "1823"]
[WhiteFideId "1710648"]
[BlackFideId "1033069"]
[EventDate "2013.02.19"]

1. f4 d5 2. Nf3 Nf6 3. g3 Bf5 4. d3 h6 5. Bg2 e6 6. O-O c5 7. c3 Nc6 8. Na3 Rc8
9. h3 h5 10. Be3 a6 11. Qd2 Bd6 12. Nh4 Ne7 13. Nc2 Bh7 14. Bf2 Nf5 15. Nxf5
Bxf5 16. Rae1 Bb8 17. Qc1 O-O 18. e4 dxe4 19. dxe4 Bg6 20. e5 Nd5 21. Rd1 Bxc2
22. Qxc2 c4 23. Qe2 g6 24. Bxd5 exd5 25. e6 Re8 26. exf7+ Kxf7 27. Qf3 Re4 28.
f5 Qf6 29. Rxd5 Re5 30. Bd4 Qxf5 31. Qg2 Rxd5 32. Qxd5+ 1-0

[Event "Reykjavik Open 2013"]
[Site "Reykjavik ISL"]
[Date "2013.02.26"]
[Round "9.82"]
[White "Heimisson, Hilmir Freyr"]
[Black "Michel, Steve"]
[Result "0-1"]
[WhiteElo "1693"]
[BlackElo "2008"]
[WhiteFideId "2309998"]
[BlackFideId "1015931"]
[EventDate "2013.02.19"]

1. e4 c5 2. Nc3 a6 3. a4 Nc6 4. f4 e6 5. Nf3 d5 6. e5 Nge7 7. d3 Nf5 8. g3 Be7
9. Bg2 O-O 10. O-O Bd7 11. Bd2 Qc7 12. Ne2 b5 13. axb5 axb5 14. Rxa8 Rxa8 15. c3
f6 16. g4 Nh6 17. exf6 gxf6 18. g5 fxg5 19. fxg5 Nf5 20. Qe1 Bd6 21. Kh1 Nce7
22. d4 c4 23. Nh4 Rf8 24. Nxf5 Nxf5 25. Nf4 Ng7 26. Qh4 Be8 27. Bh3 Bg6 28. Rf2
Bf5 29. Bxf5 Rxf5 30. Qg4 Qf7 31. Kg1 e5 32. dxe5 Bxe5 33. Nh3 Rxf2 34. Nxf2 Qf5
35. Qe2 d4 36. Ng4 d3 37. Nh6+ Kf8 38. Qe3 Qe6 39. Qf3+ Ke7 40. Be3 Ne8 41. Ng4
Nd6 42. h3 Bg7 43. Qc6 Qd7 44. Qc5 Ke8 45. g6 hxg6 46. Bh6 Bh8 47. Qd5 Nf7 48.
Qa8+ Qd8 49. Qc6+ Qd7 50. Qxg6 d2 51. Qg8+ Ke7 52. Bf8+ Kd8 53. Bh6+ Kc7 54.
Bxd2 Qxd2 55. Qxf7+ Kb6 56. Qf8 Qc1+ 57. Kg2 Qxb2+ 58. Nf2 Qxc3 59. Qd6+ Ka5 60.
Qc7+ Kb4 61. Qb6 Qe5 62. Ng4 Qd5+ 63. Kf1 Qd3+ 64. Kg2 c3 65. Ne3 Bd4 66. Qd6+
Kb3 67. Nd5 c2 0-1

[Event "Reykjavik Open 2013"]
[Site "Reykjavik ISL"]
[Date "2013.02.26"]
[Round "9.83"]
[White "Seim, Fredrik"]
[Black "Orlova, Yelizaveta"]
[Result "0-1"]
[BlackTitle "WC"]
[WhiteElo "1714"]
[BlackElo "1978"]
[WhiteFideId "1516442"]
[BlackFideId "2601826"]
[EventDate "2013.02.19"]

1. Nc3 c5 2. Nf3 Nc6 3. d4 cxd4 4. Nxd4 g6 5. e4 Bg7 6. Be3 Nf6 7. f3 O-O 8. Bc4
Qb6 9. Qd2 Nxe4 10. fxe4 Bxd4 11. Bxd4 Qxd4 12. Qxd4 Nxd4 13. O-O-O Nc6 14. Nd5
Kg7 15. g4 Rb8 16. h4 d6 17. Be2 b5 18. Rh2 h6 19. Rf2 Rb7 20. Ne3 Ne5 21. Rdf1
Be6 22. Kb1 a5 23. h5 g5 24. Nf5+ Bxf5 25. exf5 f6 26. Rd1 Rc8 27. Rd5 Rc5 28.
Rxc5 dxc5 29. Rf1 b4 30. Rd1 Rd7 31. Rxd7 Nxd7 32. b3 Ne5 33. Kb2 Kf7 34. a3 e6
35. axb4 axb4 36. fxe6+ Kxe6 37. c3 f5 38. gxf5+ Kxf5 0-1

[Event "Reykjavik Open 2013"]
[Site "Reykjavik ISL"]
[Date "2013.02.26"]
[Round "9.84"]
[White "Hauksdottir, Hrund"]
[Black "Jensen, Soren3"]
[Result "1/2-1/2"]
[WhiteElo "1671"]
[BlackElo "1909"]
[WhiteFideId "2302608"]
[BlackFideId "1421204"]
[EventDate "2013.02.19"]

1. e4 e5 2. Nf3 f5 3. exf5 Nc6 4. Nc3 Nf6 5. d4 e4 6. Ne5 d5 7. Bb5 Bd7 8. Bg5
Bb4 9. Bxc6 bxc6 10. a3 Bxc3+ 11. bxc3 O-O 12. g4 Qe7 13. Bh4 Be8 14. Qd2 c5 15.
g5 Nd7 16. f6 Qe6 17. fxg7 Kxg7 18. Bg3 Bh5 19. Nxd7 Qxd7 20. Be5+ Kg8 21. Bf6
Rae8 22. Qe3 Qa4 23. Kd2 Re6 24. Rhg1 cxd4 25. Qxd4 Qb5 26. Rge1 h6 27. Bh8 Rg6
28. Rab1 Qc6 29. h4 Qd6 30. Be5 Qc6 31. Rg1 Kh7 32. gxh6 Rxg1 33. Rxg1 Qxh6+ 34.
Rg5 Rf5 35. Bg7 Qe6 36. Bf8 Rxg5 37. hxg5 Qf7 38. Qf6 Qxf6 39. gxf6 Kg6 40. Be7
Kf5 41. Ke3 Ke5 42. Bd8 c5 43. Be7 d4+ 44. cxd4+ cxd4+ 45. Kd2 Bf7 46. Bc5 a6
47. Be7 Kf4 48. Bc5 Ke5 49. a4 Kd5 50. Bb6 Kc4 51. Ba5 Bg6 52. Bc7 Bh5 1/2-1/2

[Event "Reykjavik Open 2013"]
[Site "Reykjavik ISL"]
[Date "2013.02.26"]
[Round "9.85"]
[White "Jablon, Stephen"]
[Black "Hojgaard, Brandur"]
[Result "0-1"]
[WhiteElo "1896"]
[BlackElo "1734"]
[WhiteFideId "2019833"]
[BlackFideId "7201478"]
[EventDate "2013.02.19"]

1. d4 d5 2. Nf3 Nf6 3. c3 e6 4. Bf4 Bd6 5. Bxd6 cxd6 6. e3 O-O 7. Nbd2 Nc6 8.
Bd3 b6 9. Rc1 Bb7 10. O-O Rc8 11. Bb1 Qd7 12. Qc2 Ba6 13. Rfd1 Nb4 14. Qb3 Nd3
15. Qa3 Bb5 16. Rc2 e5 17. Nf1 e4 18. Ne1 Qg4 19. Rcd2 Nxe1 20. Rxe1 Qd7 21. Ng3
h5 22. Bc2 h4 23. Ne2 h3 24. gxh3 g6 25. Bd1 Rcd8 26. Nf4 Kg7 27. Kh1 Rh8 28.
Rg1 Rh6 29. Bg4 Nxg4 30. hxg4 Rdh8 31. f3 exf3 32. Rg3 Be2 33. Nxe2 Rxh2+ 34.
Kg1 fxe2 35. Rxe2 Rxe2 36. Kf1 Rhh2 37. Qb3 Qe6 38. Qa4 Qe4 39. Qd1 Qh1+ 40. Rg1
Rhf2# 0-1

[Event "Reykjavik Open 2013"]
[Site "Reykjavik ISL"]
[Date "2013.02.26"]
[Round "9.86"]
[White "Stefansson, Vignir Vatnar"]
[Black "Klug, Christian"]
[Result "1/2-1/2"]
[WhiteElo "1652"]
[BlackElo "1894"]
[WhiteFideId "2308649"]
[BlackFideId "24621722"]
[EventDate "2013.02.19"]

1. d4 Nf6 2. c4 g6 3. Nc3 d5 4. cxd5 Nxd5 5. Na4 Bg7 6. e4 Nb6 7. Be3 O-O 8. Rc1
N8d7 9. Nf3 c6 10. Bd3 e5 11. O-O Nxa4 12. Qxa4 Nb6 13. Qb4 exd4 14. Bxd4 Bxd4
15. Nxd4 Re8 16. Rfd1 Qe7 17. Qxe7 Rxe7 18. f3 Bd7 19. Bb1 Rd8 20. Nb3 Ree8 21.
Nc5 Bc8 22. Kf2 Kf8 23. a3 Ke7 24. Ba2 h6 25. b4 Nd7 26. Nxd7 Rxd7 27. Rxd7+
Bxd7 28. Rd1 Be6 29. Bxe6 Kxe6 30. f4 Rc8 31. Kf3 c5 32. bxc5 Rxc5 33. Rd3 b5
34. g4 a5 35. Rb3 a4 36. Rd3 Rc4 37. e5 b4 38. axb4 Rxb4 39. Rd6+ Ke7 40. Ra6
Rb3+ 41. Ke4 a3 42. Ra7+ Ke8 43. Ra8+ Kd7 44. Ra7+ Kc8 45. f5 Rb4+ 46. Kd5 Rxg4
47. e6 fxe6+ 48. fxe6 Kd8 49. Rxa3 Rg2 50. Ra8+ Ke7 51. Ra7+ Ke8 52. Ra8+ Ke7
53. Ra7+ Ke8 1/2-1/2

[Event "Reykjavik Open 2013"]
[Site "Reykjavik ISL"]
[Date "2013.02.26"]
[Round "9.87"]
[White "Ingason, Sigurdur"]
[Black "Billot, Daniel"]
[Result "1-0"]
[WhiteElo "1878"]
[BlackElo "1731"]
[WhiteFideId "2301709"]
[BlackFideId "618004"]
[EventDate "2013.02.19"]

1. d4 Nf6 2. Nf3 c5 3. e3 cxd4 4. exd4 g6 5. Bd3 Bg7 6. O-O O-O 7. Bf4 d6 8.
Nbd2 Nc6 9. c3 e5 10. Be3 Ng4 11. Nb3 Nxe3 12. fxe3 Bd7 13. Qe2 Qe7 14. e4 exd4
15. cxd4 Bg4 16. Qf2 Nb4 17. Qd2 Nc6 18. Bc2 Rac8 19. Rac1 Rc7 20. h3 Bd7 21.
Bb1 Rfc8 22. Rce1 h6 23. Kh1 Rd8 24. Qf4 g5 25. Qd2 Kh8 26. Qc2 f5 27. d5 g4 28.
exf5 Qf7 29. hxg4 Ne5 30. Nxe5 Bxe5 31. Qxc7 Rc8 32. Qa5 Qf6 33. Re3 Rc4 34. Qd2
Bf4 35. Rxf4 Rxf4 36. Re8+ Bxe8 37. Qxf4 Qxb2 38. Qe4 Bb5 39. Qd4+ 1-0

[Event "Reykjavik Open 2013"]
[Site "Reykjavik ISL"]
[Date "2013.02.26"]
[Round "9.91"]
[White "Masson, Kjartan"]
[Black "Magnusdottir, Veronika Steinunn"]
[Result "1-0"]
[WhiteElo "1856"]
[BlackElo "1557"]
[WhiteFideId "2303809"]
[BlackFideId "2309114"]
[EventDate "2013.02.19"]

1. d4 Nf6 2. c4 e6 3. a3 d5 4. Nc3 c6 5. Bg5 Be7 6. e3 Nbd7 7. Nf3 a6 8. c5 O-O
9. Bd3 h6 10. Bh4 Nh5 11. Bg3 Nxg3 12. hxg3 Qc7 13. b4 e5 14. Bf5 e4 15. Bxd7
Bxd7 16. Ne5 Be6 17. Na4 Bf6 18. Nb6 Ra7 19. Ng4 Bg5 20. Qe2 a5 21. O-O Bd8 22.
Ne5 Qe7 23. b5 cxb5 24. Qxb5 Bxb6 25. cxb6 Raa8 26. f4 Rfc8 27. f5 f6 28. Ng6
Qf7 29. fxe6 Qxg6 30. Qxd5 Rd8 31. Qxb7 f5 32. Qf7+ Kh7 33. Qxf5 Qxf5 34. Rxf5
Rd6 35. b7 Rb8 36. e7 Kg6 37. Raf1 1-0

[Event "Reykjavik Open 2013"]
[Site "Reykjavik ISL"]
[Date "2013.02.26"]
[Round "9.92"]
[White "Ohlsson, Mikael"]
[Black "Vignisson, Ingvar Egill"]
[Result "1-0"]
[WhiteElo "1811"]
[BlackElo "1542"]
[WhiteFideId "1719700"]
[BlackFideId "2309270"]
[EventDate "2013.02.19"]

1. c4 Nf6 2. g3 g6 3. Bg2 Bg7 4. Nc3 c5 5. a3 Nc6 6. Nh3 d6 7. Nf4 Rb8 8. O-O
O-O 9. Rb1 e6 10. b4 e5 11. Nd3 cxb4 12. Nxb4 Nxb4 13. Rxb4 b6 14. Qa4 a5 15.
Rb1 Bb7 16. Qb3 Bxg2 17. Kxg2 Nd7 18. Nd5 Nc5 19. Qc2 a4 20. Rb4 f5 21. f4 exf4
22. Rxf4 Be5 23. Rf3 f4 24. d4 Bxd4 25. Rxf4 Rxf4 26. Bxf4 g5 27. Qd2 Nb3 28.
Rxb3 axb3 29. Bxg5 b2 30. Bxd8 b1=Q 31. Qxd4 Rxd8 32. Qg4+ Kh8 33. Qd4+ Kg8 34.
Nf4 Qf5 35. Qxb6 Qe4+ 36. Kf2 Qe7 37. Qd4 Kf7 38. Qd5+ Kf6 39. h4 Qe5 40. Qxe5+
Kxe5 41. Ke3 Ra8 42. g4 Rxa3+ 43. Nd3+ Ke6 44. Kd4 Ra5 45. Nf4+ Kf6 46. Nd5+ Ke6
47. Nf4+ Kf6 48. e3 h6 49. Nd5+ Kg6 50. Nc7 Kf6 51. Nb5 Ke6 52. g5 h5 53. Nc7+
Kf5 54. Nd5 Kg4 55. g6 Ra7 56. Nf4 Kxh4 57. Kd5 Kg4 58. Kxd6 Kf3 59. c5 Kxe3 60.
Nxh5 Ke4 61. g7 1-0

[Event "Reykjavik Open 2013"]
[Site "Reykjavik ISL"]
[Date "2013.02.26"]
[Round "9.93"]
[White "Hyotyla, Tapio"]
[Black "Ragnarsson, Heimir Pall"]
[Result "1-0"]
[WhiteElo "1792"]
[BlackElo "1354"]
[WhiteFideId "501026"]
[BlackFideId "2308860"]
[EventDate "2013.02.19"]

1. d4 Nf6 2. c4 e6 3. Nc3 Bb4 4. a3 Bxc3+ 5. bxc3 O-O 6. e3 c5 7. Nf3 Nc6 8. Bd3
Qc7 9. e4 Re8 10. e5 Ng4 11. h3 Ngxe5 12. dxe5 Nxe5 13. O-O Nxd3 14. Qxd3 h6 15.
Re1 b6 16. Ne5 f5 17. Qg3 d6 18. Nf3 Kh7 19. Nh4 g5 20. Nxf5 e5 21. Nxh6 Kxh6
22. Qxg5+ Kh7 23. Qh5+ Kg7 24. Bh6+ Kg8 25. Qxe8+ Kh7 26. Qh5 Bb7 27. Re3 Kg8
28. Rg3+ Kh8 29. Bf8+ Qh7 30. Bg7+ Kg8 31. Bxe5+ 1-0

[Event "Reykjavik Open 2013"]
[Site "Reykjavik ISL"]
[Date "2013.02.26"]
[Round "9.96"]
[White "Petersson, Baldur Teodor"]
[Black "Johansen, Arnt-Ole"]
[Result "0-1"]
[WhiteElo "1575"]
[BlackElo "1817"]
[WhiteFideId "2309157"]
[BlackFideId "1516728"]
[EventDate "2013.02.19"]

1. e4 c6 2. d4 d5 3. Nc3 dxe4 4. Nxe4 Nf6 5. Nxf6+ gxf6 6. g3 Bf5 7. Bg2 e6 8.
Bf4 Qa5+ 9. c3 Nd7 10. Qb3 O-O-O 11. Nf3 Bd3 12. Bd2 Qa6 13. Rc1 Nb6 14. Be3 Bc4
15. Qc2 Qxa2 16. Nd2 Ba6 17. b3 Qxc2 18. Rxc2 Nd5 19. Ne4 Bd3 20. Rc1 Ba3 21.
Ra1 Bb2 22. Rxa7 Bxe4 23. Bxe4 Bxc3+ 24. Ke2 Kc7 25. Bxd5 Rxd5 26. Kd3 Ra5 27.
Rxa5 Bxa5 28. Bf4+ Kd7 29. Kc4 b5+ 30. Kc5 Ra8 31. Rd1 Bd8 32. Be3 Ra2 33. Rd2
Rxd2 34. Bxd2 Be7+ 35. Kb6 f5 36. f4 h5 37. b4 Kd6 38. Kb7 Bf6 39. Be3 Kd5 40.
Kc7 Bxd4 41. Bxd4 Kxd4 42. Kxc6 Kc4 43. Kd6 Kxb4 44. Ke7 Kc4 45. Kxf7 Kd5 0-1

[Event "Reykjavik Open 2013"]
[Site "Reykjavik ISL"]
[Date "2013.02.26"]
[Round "9.98"]
[White "Einarsson, Oskar Long"]
[Black "Leifsson, Thorsteinn"]
[Result "1-0"]
[WhiteElo "1613"]
[BlackElo "1759"]
[WhiteFideId "2309220"]
[BlackFideId "2302764"]
[EventDate "2013.02.19"]

1. e4 c5 2. Nf3 d6 3. d4 cxd4 4. Nxd4 Nc6 5. Nc3 a6 6. Be3 e6 7. Be2 Qc7 8. O-O
Be7 9. Qd2 Nf6 10. Rad1 O-O 11. f4 Rb8 12. Kh1 Nxd4 13. Bxd4 b5 14. e5 Nd5 15.
Bf3 Nxc3 16. exd6 Bxd6 17. Bxc3 Bxf4 18. Ba5 Qe5 19. Bc3 Qg5 20. Qf2 Qh6 21. g3
Be3 22. Qe2 b4 23. Be5 Rb5 24. Bd6 Re8 25. Rd3 Ba7 26. Bc6 Bb7 27. Qf3 Ra5 28.
Qxf7+ 1-0

[Event "Reykjavik Open 2013"]
[Site "Reykjavik ISL"]
[Date "2013.02.26"]
[Round "9.99"]
[White "Jonsson, Gauti Pall"]
[Black "Storesund, Henrik"]
[Result "1/2-1/2"]
[WhiteElo "1519"]
[BlackElo "1759"]
[WhiteFideId "2309092"]
[BlackFideId "1518615"]
[EventDate "2013.02.19"]

1. e4 c5 2. Nc3 e6 3. d3 d5 4. exd5 exd5 5. g3 Nf6 6. Bg5 Be7 7. Bg2 Be6 8. Qf3
Nc6 9. Qd1 O-O 10. Nge2 d4 11. Bxf6 Bxf6 12. Ne4 Qa5+ 13. Qd2 Qxd2+ 14. Kxd2 Be7
15. Nf4 Bd7 16. Nd5 b6 17. Nxe7+ Nxe7 18. Rhe1 Nf5 19. Re2 Rac8 20. Rae1 h6 21.
Bh3 Rc7 22. Bxf5 Bxf5 23. Nd6 Be6 24. f4 Rd7 25. Nc4 Bxc4 26. dxc4 g6 27. Re7
Rfd8 28. Rxd7 Rxd7 29. Re8+ Kg7 1/2-1/2

[Event "Reykjavik Open 2013"]
[Site "Reykjavik ISL"]
[Date "2013.02.26"]
[Round "9.100"]
[White "Palsdottir, Soley Lind"]
[Black "Kristinardottir, Elsa Maria"]
[Result "0-1"]
[WhiteElo "1393"]
[BlackElo "1747"]
[WhiteFideId "2306824"]
[BlackFideId "2300370"]
[EventDate "2013.02.19"]

1. e4 c6 2. d4 d5 3. exd5 cxd5 4. c4 Nf6 5. Nc3 Nc6 6. Nf3 e6 7. cxd5 Nxd5 8.
Bd3 g6 9. a3 Bg7 10. Bc2 Qa5 11. Qd2 O-O 12. O-O Rd8 13. Ne2 Qb6 14. Qd3 Nde7
15. Be3 Qc7 16. Rfd1 e5 17. Qc4 Be6 18. Qc5 b6 19. Qc3 Nd5 20. Qd2 Nxe3 21. fxe3
Bh6 22. Qc3 Qe7 23. d5 Bxd5 24. e4 Be6 25. Qxc6 Rdc8 26. Qa4 b5 27. Qxb5 Be3+
28. Kh1 Rxc2 29. Nc3 Bf4 30. Nd5 Bxd5 31. Rxd5 Rac8 32. Rad1 Rc1 33. Qe2 g5 34.
g3 R8c2 35. Qf1 Rxd1 36. Rxd1 Be3 37. Qd3 Qc5 38. b4 Qc3 39. Nxe5 Qxd3 40. Rxd3
Bb6 41. Nd7 Bf2 42. Nf6+ Kg7 43. Rf3 Bd4 44. Ne8+ Kg6 45. h3 h5 46. g4 hxg4 47.
hxg4 Re2 48. Nd6 f6 49. Nf5 Re1+ 50. Kh2 Be5+ 51. Kg2 Rxe4 52. Kh3 Re2 53. Ng3
Ra2 54. Re3 Kf7 55. Rd3 Ke6 56. Nf1 Bf4 57. Rc3 Kd5 58. Rc5+ Ke4 59. Rc3 Kd4 60.
Rf3 Kc4 61. Ne3+ Kb5 62. Ng2 Be5 63. Rd3 Ka4 64. Re3 Rxa3 65. Rxa3+ Kxa3 66. Ne3
Kxb4 67. Kg2 a5 68. Nd5+ Kb3 0-1

[Event "Reykjavik Open 2013"]
[Site "Reykjavik ISL"]
[Date "2013.02.26"]
[Round "9.102"]
[White "Birgisdottir, Ingibjorg"]
[Black "Steinthorsson, Felix"]
[Result "1-0"]
[WhiteElo "1783"]
[BlackElo "1449"]
[WhiteFideId "2309424"]
[BlackFideId "2310040"]
[EventDate "2013.02.19"]

1. e4 e6 2. d4 d5 3. Nc3 Nf6 4. Bg5 Be7 5. e5 Nfd7 6. Bxe7 Qxe7 7. Qg4 O-O 8.
Bd3 h6 9. Nge2 a6 10. h4 c5 11. Nf4 Kh8 12. Ng6+ fxg6 13. Qxg6 Nf6 14. exf6 gxf6
15. Qxh6+ Kg8 16. Rh3 Rf7 17. Rg3+ Rg7 18. Qh7+ Kf8 19. Qh8+ Kf7 20. Rxg7# 1-0

[Event "Reykjavik Open 2013"]
[Site "Reykjavik ISL"]
[Date "2013.02.26"]
[Round "9.103"]
[White "Bakkes, Frits"]
[Black "Hrafnsson, Hilmir"]
[Result "1-0"]
[WhiteElo "1750"]
[BlackElo "1331"]
[WhiteFideId "1044079"]
[BlackFideId "2310481"]
[EventDate "2013.02.19"]

1. e4 e6 2. d4 d5 3. Nc3 dxe4 4. Nxe4 Nd7 5. Nf3 Ngf6 6. Bd3 Be7 7. c3 O-O 8.
Qc2 b6 9. Bg5 h6 10. Nxf6+ Nxf6 11. h4 Bb7 12. Bxf6 Bxf6 13. Be4 Bxe4 14. Qxe4
Re8 15. O-O-O Qd7 16. g4 Qd5 17. Qxd5 exd5 18. g5 hxg5 19. hxg5 Bd8 20. Rde1 Be7
21. Kd1 c5 22. Re5 cxd4 23. Nxd4 Rad8 24. Rhe1 Kf8 25. Nc6 Rd7 26. f4 g6 27. Nb4
d4 28. c4 Red8 29. Nd5 Re8 30. Nf6 Red8 31. Nxd7+ Rxd7 32. R1e4 d3 33. a3 f6 34.
gxf6 Bxf6 35. Rb5 Rh7 36. Kd2 Rh2+ 37. Kxd3 Bxb2 38. a4 Rh3+ 39. Kc2 Rh2+ 40.
Kb1 Bf6 41. Re1 Rf2 42. Re4 Rf1+ 43. Kc2 Rf2+ 44. Kd1 Bc3 45. c5 Rd2+ 46. Kc1
Rh2 47. c6 Bd2+ 48. Kd1 1-0

[Event "Reykjavik Open 2013"]
[Site "Reykjavik ISL"]
[Date "2013.02.26"]
[Round "9.108"]
[White "Kristbergsson, Bjorgvin"]
[Black "Petersen, Jakob Alexander"]
[Result "0-1"]
[WhiteElo "1197"]
[BlackElo "1370"]
[WhiteFideId "2305232"]
[BlackFideId "2309130"]
[EventDate "2013.02.19"]

1. d4 d5 2. Bf4 Nf6 3. h3 Nc6 4. e3 e6 5. b3 Ne4 6. Nf3 Be7 7. h4 Ng3 8. Rh2
Nxf1 9. Kxf1 b6 10. b4 Ba6+ 11. Kg1 O-O 12. g4 f6 13. g5 Bd6 14. h5 e5 15. gxf6
gxf6 16. Rg2+ Kh8 17. Rh2 0-1

[Event "Reykjavik Open 2013"]
[Site "Reykjavik ISL"]
[Date "2013.02.27"]
[Round "10.4"]
[White "Amin, Bassem"]
[Black "Gajewski, Grzegorz"]
[Result "1-0"]
[WhiteTitle "GM"]
[BlackTitle "GM"]
[WhiteElo "2631"]
[BlackElo "2644"]
[WhiteFideId "10601457"]
[BlackFideId "1116207"]
[EventDate "2013.02.19"]

1. e4 c5 2. Nf3 d6 3. g3 Nc6 4. Bg2 Nf6 5. d3 g6 6. O-O Bg7 7. c3 O-O 8. Re1 e5
9. a3 b5 10. h3 Rb8 11. Be3 a5 12. Nbd2 Be6 13. d4 cxd4 14. cxd4 exd4 15. Nxd4
Nxd4 16. Bxd4 Qd7 17. Qf3 Qe7 18. Nb3 a4 19. Na5 Qc7 20. Bxf6 Qxa5 21. Red1 Rb6
22. Bxg7 Kxg7 23. Rd4 Rc8 24. Rad1 Rc2 25. Qf4 b4 26. Rxd6 Rxd6 27. Qxd6 Qc5 28.
Qxc5 Rxc5 29. axb4 Rc2 30. Ra1 Bb3 31. e5 Rxb2 32. Bc6 f6 33. Bxa4 Be6 34. Bc6
Rxb4 35. Ra7+ Kf8 36. exf6 Rb6 37. Be4 Bxh3 38. Rxh7 Bf5 39. Bxf5 gxf5 40. f7
Rg6 41. Kh2 f4 42. Kh3 fxg3 43. fxg3 Ra6 44. g4 Ra1 45. Kg2 Ra3 46. Kf2 Ra4 47.
Kg3 Ra5 48. Kh4 Ra4 49. Kh5 Ke7 50. g5 Ra1 51. Kg6 Rf1 52. Rh8 1-0

[Event "Reykjavik Open 2013"]
[Site "Reykjavik ISL"]
[Date "2013.02.27"]
[Round "10.6"]
[White "Yu, Yangyi"]
[Black "Xiu, Deshun"]
[Result "1/2-1/2"]
[WhiteTitle "GM"]
[BlackTitle "GM"]
[WhiteElo "2688"]
[BlackElo "2530"]
[WhiteFideId "8603820"]
[BlackFideId "8603693"]
[EventDate "2013.02.19"]

1. e4 c5 2. Nf3 d6 3. d4 cxd4 4. Nxd4 Nf6 5. Nc3 a6 6. h3 e5 7. Nde2 h5 8. Bg5
Be6 9. Ng3 Nbd7 10. Bd3 g6 11. O-O Be7 12. Qf3 h4 13. Nge2 Nh5 14. Bxe7 Qxe7 15.
Rfd1 Rc8 16. Rd2 Qg5 17. Rad1 O-O 18. Kh2 Rc6 19. Ng1 Ndf6 20. Qe3 Qxe3 21. fxe3
Rxc3 22. bxc3 Ng3 23. Nf3 Ngxe4 24. Bxe4 Nxe4 25. Rxd6 Nxd6 26. Rxd6 Rc8 27.
Nxe5 Bxa2 28. Rb6 Bd5 29. c4 Be4 30. Rb4 Rc5 31. Nd7 Rf5 32. c5 Bc6 33. Nb8 Rxc5
34. Nxc6 Rxc6 35. Rxb7 Rxc2 36. Rb4 g5 37. Ra4 Rc6 38. Ra5 f6 39. Kg1 Kf7 40.
Kf2 Ke6 41. g3 hxg3+ 42. Kxg3 Ke7 43. h4 gxh4+ 44. Kxh4 Kd6 45. Kg4 Rb6 46. e4
Kc7 47. Kf5 Kb7 48. Ra1 Rb4 49. Re1 Rb6 50. Ra1 Rc6 51. e5 fxe5 52. Kxe5 Ka8 53.
Ke4 1/2-1/2

[Event "Reykjavik Open 2013"]
[Site "Reykjavik ISL"]
[Date "2013.02.27"]
[Round "10.7"]
[White "Sokolov, Ivan"]
[Black "Stefansson, Hannes"]
[Result "1-0"]
[WhiteTitle "GM"]
[BlackTitle "GM"]
[WhiteElo "2644"]
[BlackElo "2496"]
[WhiteFideId "14400030"]
[BlackFideId "2300087"]
[EventDate "2013.02.19"]

1. d4 Nf6 2. c4 e6 3. Nc3 Bb4 4. e3 O-O 5. Bd3 d5 6. a3 Bxc3+ 7. bxc3 c5 8. cxd5
Qxd5 9. Nf3 cxd4 10. exd4 b6 11. c4 Qd6 12. O-O Bb7 13. Bb2 Be4 14. Bxe4 Nxe4
15. d5 Nc5 16. Nd4 Nbd7 17. Re1 Rae8 18. Nb5 Qb8 19. d6 e5 20. Nc7 Rd8 21. f4 e4
22. Qg4 f6 23. Rad1 Rf7 24. Rd5 Nf8 25. f5 Rxd6 26. Rxd6 Qxc7 27. Rd2 Nfd7 28.
Qg3 Qxg3 29. hxg3 Re7 30. Rd5 Kf7 31. Kf1 Nd3 32. Rb1 h5 33. Ke2 h4 34. Bd4 hxg3
35. Ke3 g5 36. fxg6+ Kxg6 37. Rf1 N3e5 38. Kxe4 Nxc4+ 39. Kf4 Kf7 40. a4 Ke6 41.
Rh5 Nde5 42. Kxg3 Rd7 43. Rf4 Rf7 44. Kh3 Ng6 45. Rf1 Ne7 46. Re1+ Kd7 47. g4
Nd6 48. Rf1 Ne4 49. Rf4 1-0

[Event "Reykjavik Open 2013"]
[Site "Reykjavik ISL"]
[Date "2013.02.27"]
[Round "10.8"]
[White "Norowitz, Yaacov"]
[Black "Kuzubov, Yuriy"]
[Result "1-0"]
[BlackTitle "GM"]
[WhiteElo "2432"]
[BlackElo "2622"]
[WhiteFideId "2024799"]
[BlackFideId "14112906"]
[EventDate "2013.02.19"]

1. d4 g6 2. Nf3 Bg7 3. c3 Nf6 4. Bg5 b6 5. Nbd2 Bb7 6. Qc2 O-O 7. e4 d6 8. Bc4
Qe8 9. O-O e5 10. dxe5 dxe5 11. a4 a6 12. Bxf6 Bxf6 13. Rad1 Nd7 14. Bd5 Bxd5
15. exd5 Bg7 16. Rfe1 Qd8 17. Nc4 Re8 18. h4 f5 19. d6 e4 20. dxc7 Qxc7 21. Nd6
Nc5 22. Nxe8 Rxe8 23. Nd4 Qf7 24. Rf1 Bf6 25. h5 Kg7 26. b3 Rc8 27. c4 Nd3 28.
Ne2 Qe6 29. Qd2 Be5 30. h6+ Kf7 31. f3 Qe7 32. g3 Qc5+ 33. Kh2 Qe7 34. Kg2 Rd8
35. Qe3 f4 36. fxe4 Kg8 37. gxf4 Bxf4 38. Nxf4 Qg5+ 39. Kh2 Qxh6+ 40. Qh3 1-0